00532nam a2200181 a 45000010010000000030011000100080041000210350026000620820017000881000015001052450031001202600045001516500017001969420012002139520090002259980020003159990015003350000-8565ELIB.Books110520 1907  a(ELIB.Books)0000-8711 a232.91 bOrr aOrr, James aThe Virgin birth of Christ bNew York: Charles Scribner's Sons c1907 aJesus Christ 2ddccBK 00102ddc4070aKBTSbKBTSd2011-05-20l0p8999r2022-01-22 00:00:00w2022-01-22yBK cbate2011-05-20 c8565d8565